000 04933nab a2200325 i 4500
003 BR-BrBNA
005 20240925104026.0
008 240925b2021 bl.qr|pooa||| 00| 0 por |
040 _aBR-BrBNA
_bpor
072 _aS01
100 _aBovo, Fernanda
100 _aPontes, Flávia Lada Degaut
100 _aVilhena, Raquel de Oliveira
100 _aMarson, Breno Mauricio
100 _aPerez, Elisa
100 _aReason, Iara José de Messias
245 _aInvestigação do uso de Musa paradisiaca no tratamento de indivíduos com doenças respiratórias na cidade de Curitiba-PR
500 _aPublicação on-line; 22 ref.; 2 illus.; Summaries (En, Pt)
520 _a RESUMO: A asma alérgica é uma doença crônica caracterizada pela inflamação das vias aéreas. Essa doença é considerada um problema de saúde pública e estima-se que afete 300 milhões de pessoas em todo o mundo. No Brasil, grande parte da população afetada pela asma não tem acesso aos medicamentos ou não responde ao tratamento, resultando em um número considerável de pacientes frequentando os pronto-socorros. Nesse contexto, tratamentos alternativos com plantas medicinais tornam-se relevantes, pois são de fácil acesso e baixo custo. Dentre essas plantas, destaca-se a espécie Musa paradisiaca, popularmente conhecida como bananeira, da qual é utilizada a inflorescência para tratar doenças respiratórias. Tendo em vista o uso popular, o presente estudo teve por objetivo investigar o uso dessa planta, verificando desde a parte utilizada, o modo de preparo, a forma de utilização, o tempo de consumo, a melhora dos sintomas, os possíveis efeitos colaterais e o uso concomitante de outros medicamentos. O estudo foi do tipo descritivo transversal realizado com 21 participantes e a coleta de dados realizou-se através de questionário impresso. Entre os participantes, 81% descreveram que preparavam o xarope, misturando as inflorescências com mel. Com relação à finalidade terapêutica, a maioria relatou utilizar para asma (52,4%) e bronquite (28,6%). Além disso, todos os pacientes relataram melhora nos sintomas após o tratamento. Esses resultados indicam uma possível ação anti-inflamatória da inflorescência de bananeira. Entretanto, estudos mais aprofundados acerca da composição química e ação farmacológica devem ser realizados a fim de garantir a segurança do paciente e a eficácia do tratamento. Palavras-chave: asma, banana, bronquite, inflorescências, Musa paradisiaca.
520 _a ABSTRACT: Research on the use of Musa paradisiaca in the treatment of individuals with respiratory diseases in the city of Curitiba-PR. Allergic asthma is a chronic disease characterized by inflammation of the airways. This disease is considered a public health problem and is estimated to affect 300 million people worldwide. In Brazil, a large part of the population affected by asthma has no access to medicines or does not respond to treatment, resulting in a considerable number of patients attending the emergency room. In this context, alternative treatments with medicinal plants become relevant as they are easily accessible and inexpensive. Among these plants, it stands out the species Musa paradisiaca, popularly known as banana, from which the inflorescence is used to treat respiratory diseases. In view of the popular use, the present study aimed to investigate the use of this plant, verifying from the part used, the way of preparation, the form of use, the time of consumption, the improvement of the symptoms, the possible side effects and concomitant use of other medicines. The cross-sectional descriptive study was carried out with 21 participants and the data collection was done through a printed questionnaire. Among the participants, 81% described that they prepared the syrup by mixing the inflorescences with honey. Regarding the therapeutic purpose, most reported use for asthma (52.4%) and bronchitis (28.6%). In addition, all patients reported improvement in symptoms after treatment. These results indicate a possible anti-inflammatory action of the banana inflorescence. However, further studies on the chemical composition and pharmacological action should be performed in order to guarantee patient safety and treatment efficacy. Key words: asthma, banana, bronchitis, inflorescences, Musa paradisiaca.
650 _aDOENÇA
650 _aBRONQUITE
650 _aBANANA
650 _aINFLORESCÊNCIA
650 _aMUSA PARADISÍACA
773 0 _03543
_9344691
_dBotucatu-SP Instituto de Biociências - Departamento de Química e Bioquímica 1998
_o2024-5023
_tRevista Brasileira de Plantas Medicinais (Brazil)
_x1516-0572
_gv. 23(3) p. 140-145; (2021)
_wBR2024002663
856 _uhttps://www.sbpmed.org.br/admin/files/papers/file_2HU379io92sS.pdf
942 _cANA
999 _c327806
_d327806